<The> integration dilemma. Enlarging and/or deepening the community.

Vývoj vo východnej Európe ako nátlak na ES na zvažovanie ich zapojenia do Európskej únie. Dôsledky zjednotenia Nemecka - dva antagonistické názory na túto skutočnosť. Problematika rozšírenia a (alebo) prehĺbenia ES v ohnisku diskusie - rozličné názory na ciele Európskej únie.

Salvato in:
Dettagli Bibliografici
Autore principale: La Serre, F.de
Natura: Capitolo di libro
Lingua:inglese
Soggetti:
Tags: Aggiungi Tag
Nessun Tag, puoi essere il primo ad aggiungerne!!

MARC

LEADER 00000naa a2200000 4500
001 r007246
005 20221213084940.6
041 0 |a eng 
044 |a GB 
245 1 0 |a <The> integration dilemma.  |b Enlarging and/or deepening the community.  |c F.de La Serre 
520 |a Vývoj vo východnej Európe ako nátlak na ES na zvažovanie ich zapojenia do Európskej únie. Dôsledky zjednotenia Nemecka - dva antagonistické názory na túto skutočnosť. Problematika rozšírenia a (alebo) prehĺbenia ES v ohnisku diskusie - rozličné názory na ciele Európskej únie. 
610 2 0 |a integrácia ekonomická medzinárodná 
610 2 0 |a Európske spoločenstvá 
610 2 0 |a východná Európa 
610 2 0 |a Nemecko 
100 1 |a La Serre, F.de